KVB 2025 - Wichtige Haltestellenkürzel - Statistiken

Allgemein
  • Dieses Quiz wurde 17 mal gespielt
  • Das Durchschnittsergebnis liegt bei 14 aus 54
Antwortstatistiken
Haltestelle Kürzel % Korrekt
Aachener Str./Gürtel ASG
75%
Ebertplatz EBP
50%
Neumarkt NEU
50%
Bensberg BSB
44%
Chorweiler CHW
44%
Ubierring UBI
44%
Brück Mauspfad BMP
38%
Bocklemünd BOC
38%
Severinstr. SEV
38%
Schlebusch SLB
38%
RheinEnergieSTADION STD
38%
Sürth SUT
38%
Thielenbruch THB
38%
Universität UNI
38%
Bf. Deutz/Messe BDM
31%
Buchheim Herler Str. BHE
31%
Eifelplatz EIF
31%
Moltkestr. MOL
31%
Ostheim OSH
31%
Weiden West WEW
31%
Zollstock Südfriedhof ZSF
31%
Chlodwigplatz CWP
25%
Junkersdorf JUK
25%
Keupstr. KEU
25%
Sparkasse Am Butzweilerhof KPS
25%
Merkenich MEK
25%
Merheim MRH
25%
Rudolfplatz RDP
25%
Refrath RFR
25%
Sülz Hermeskeiler Platz SHP
25%
Mülheim Wiener Platz WPL
25%
Zündorf ZDF
25%
Bf. Deutz/LANXESS arena BDK
19%
Friesenplatz FSP
19%
Klettenbergpark KLB
19%
Koelnmesse MSO
19%
Niehl Sebastianstr. NIS
19%
Melatengürtel OJS
19%
Reichenspergerplatz RPP
19%
Slabystr. SLA
19%
Bonn Bad Godesberg Stadthalle STAA
19%
Sülzgürtel SZG
19%
Rochusplatz BIK
13%
Rodenkirchen Bf. BRK
13%
Frechen Benzelrath BZT
13%
Bonn Hauptbahnhof HBFS
13%
Heumarkt HMG
13%
Königsforst KGF
13%
Görlinger-Zentrum MEN
13%
Niehl Nord NIL
13%
Poll Baumschulenweg PAB
13%
Scheibenstr. SCE
13%
Holweide Vischeringstr. VRS
13%
Longerich Friedhof LGR
6%
Keine übereinstimmenden Quizze gefunden
Verteilung der Resultate
Anzahl Personen mit jedem Resultat
Perzentil nach korrekt beantworteten Fragen
Ihre Resultats-Entwicklung
Sie haben dieses Quiz noch nicht gespielt